[Event "Titled Tuesday intern op 17th Jan Early"]
[Site "Chess.com INT"]
[Date "2023.01.17"]
[Round "8"]
[White "Ismagilov, Damir"]
[Black "Valle, Luis E"]
[Result "0-1"]
[WhiteElo "2142"]
[BlackElo "2268"]
[PlyCount "152"]
[EventDate "2023.01.17"]
[EventType "swiss (blitz)"]
[EventRounds "11"]
[EventCountry "USA"]
[SourceTitle "CBM 212 Extra"]
[Source "ChessBase"]
[SourceDate "2023.03.31"]
[SourceVersion "1"]
[SourceVersionDate "2023.03.31"]
[SourceQuality "1"]

1. e4 c6 2. d4 d5 3. e5 c5 4. dxc5 e6 5. Qg4 Nd7 6. Nf3 h5 7. Qf4 Bxc5 8. Nc3 Nh6 9. Bd3 Be7 10. Qg3 g6 11. 0-0 Nc5 12. Bxg6 fxg6 13. Qxg6+ Nf7 14. b4 Nd7 15. Qxe6 Ndxe5 16. Qxd5 Qxd5 17. Nxd5 Nxf3+ 18. gxf3 Bh3 19. Bf4 Rg8+ 20. Bg3 Bxf1 21. Nc7+ Kd7 22. Nxa8 Bc4 23. Nc7 h4 24. Rd1+ Kc8 25. Nd5 Bxd5 26. Rxd5 hxg3 27. fxg3 Bxb4 28. Kg2 Bd6 29. Rf5 Rg7 30. f4 Kd7 31. h4 Ke6 32. Rb5 Bxf4 33. Rxb7 Rxg3+ 34. Kf2 Ra3 35. Rb4 Kf5 36. Rb5+ Ne5 37. h5 Rxa2 38. h6 Bxh6 39. Ke2 Rxc2+ 40. Kd1 Rc1+ 41. Ke2 Ra1 42. Rb7 Bf4 43. Kf2 a5 44. Ke2 a4 45. Ra7 Ke4 46. Ra8 Ra2+ 47. Kd1 Nf3 48. Re8+ Kd3 49. Rd8+ Nd4 50. Ke1 Be3 51. Kf1 Ra1+ 52. Kg2 Rg1+ 53. Kh2 Rc1 54. Ra8 Rc4 55. Kg3 Kc3 56. Kg2 Nc2 57. Ra7 Kb3 58. Ra8 a3 59. Kf3 Bc5 60. Ke2 Bb4 61. Kd3 Rd4+ 62. Ke2 Rd2+ 63. Kf3 a2 64. Ke4 Na3 65. Rh8 a1Q 66. Rh3+ Ka4 67. Rh7 Qd4+ 68. Kf5 Rf2+ 69. Kg6 Qd6+ 70. Kh5 Rh2+ 71. Kg4 Rxh7 72. Kf5 Rf7+ 73. Ke4 Re7+ 74. Kf5 Qe6+ 75. Kg5 Bd2+ 76. Kh5 Rh7# 0-1

[Event "Titled Tuesday intern op 17th Jan Early"]
[Site "Chess.com INT"]
[Date "2023.01.17"]
[Round "3"]
[White "Valle, Luis E"]
[Black "Gabdrakhmanov, Azat"]
[Result "0-1"]
[WhiteElo "2268"]
[BlackElo "2319"]
[PlyCount "112"]
[EventDate "2023.01.17"]
[EventType "swiss (blitz)"]
[EventRounds "11"]
[EventCountry "USA"]
[SourceTitle "CBM 212 Extra"]
[Source "ChessBase"]
[SourceDate "2023.03.31"]
[SourceVersion "1"]
[SourceVersionDate "2023.03.31"]
[SourceQuality "1"]

1. e4 c5 2. Nf3 e6 3. d4 cxd4 4. Nxd4 a6 5. Nc3 Qc7 6. a3 Nf6 7. f4 d6 8. Be2 b5 9. Bf3 Bb7 10. Be3 Nbd7 11. 0-0 e5 12. Nb3 Be7 13. f5 h5 14. Kh1 Ng4 15. Bg1 Rc8 16. Rc1 Bg5 17. Ra1 Bf4 18. Bxg4 hxg4 19. Qxg4 Nf6 20. Qe2 Ke7 21. Rad1 Rh6 22. h3 Nh5 23. Bf2 Rch8 24. Kg1 Bg3 25. Be3 Nf4 26. Bxf4 Bxf4 27. Rf3 g5 28. Rfd3 Rg8 29. g4 Rgh8 30. Kg2 Bc6 31. Rf3 Rc8 32. Rdd3 Rhh8 33. Rf2 Qb6 34. Rff3 Rc7 35. Qf2 Qb8 36. Kf1 Rhc8 37. Ke2 Qa8 38. Rfe3 a5 39. Qf3 b4 40. axb4 axb4 41. Nd1 Bb5 42. Ke1 Rxc2 43. Rd5 Bxe3 44. Qxe3 Re2+ 45. Qxe2 Bxe2 46. Kxe2 Rc2+ 47. Ke1 Qa4 48. Rd3 Rh2 49. Ne3 Qb5 50. Nc1 Rh1+ 51. Kd2 Rxc1 52. Nd5+ Kf8 53. Kxc1 Qxd3 54. Nxb4 Qxe4 55. Nc2 Qh1+ 56. Kd2 Qxh3 0-1

[Event "Titled Tuesday intern op 10th Jan Early"]
[Site "Chess.com INT"]
[Date "2023.01.10"]
[Round "4"]
[White "Lauridsen, Jesper Morch"]
[Black "Valle, Luis E"]
[Result "0-1"]
[WhiteElo "2250"]
[BlackElo "2268"]
[PlyCount "134"]
[EventDate "2023.01.10"]
[EventType "swiss (blitz)"]
[EventRounds "11"]
[EventCountry "USA"]
[SourceTitle "EXT 2024"]
[Source "ChessBase"]
[SourceDate "2023.10.10"]
[SourceVersion "1"]
[SourceVersionDate "2023.10.10"]
[SourceQuality "1"]

1. e4 c6 2. d4 d5 3. exd5 cxd5 4. c4 Nf6 5. Nc3 Nc6 6. Nf3 Be6 7. c5 g6 8. Bb5 Bg7 9. 0-0 0-0 10. Bxc6 bxc6 11. Re1 Qc7 12. Ne5 Nd7 13. Bf4 Qc8 14. Nxd7 Qxd7 15. Qd2 Rfe8 16. Bh6 Bh8 17. Qe2 Bxd4 18. Rad1 Bh8 19. Ne4 Bf5 20. Ng5 e5 21. h3 Qe7 22. g4 Bd7 23. b4 a5 24. a3 axb4 25. axb4 Reb8 26. Nf3 e4 27. Bg5 Bf6 28. Bxf6 Qxf6 29. Nd4 Rxb4 30. Qd2 Rab8 31. g5 Qe7 32. Qf4 Re8 33. h4 Qxc5 34. Ne2 e3 35. Qf3 exf2+ 36. Qxf2 Qxf2+ 37. Kxf2 Rxh4 38. Ng3 Rxe1 39. Rxe1 Be6 40. Kg2 Rg4 41. Kf3 Rxg5 42. Rc1 d4 43. Rb1 Bd5+ 44. Kf2 Kg7 45. Rb7 h5 46. Rd7 h4 47. Ne2 c5 48. Nf4 Rf5 49. Kg1 Rxf4 50. Rxd5 c4 51. Kh2 c3 52. Kh3 f6 53. Rd7+ Kh6 54. Rc7 g5 55. Rc8 Kg6 56. Rc7 Rf3+ 57. Kh2 Rd3 58. Rc8 Rd2+ 59. Kh3 Kf5 60. Rc5+ Kg6 61. Rc8 Rd3+ 62. Kh2 g4 63. Rc7 Rd2+ 64. Kg1 c2 65. Rc6 Rd1+ 66. Kf2 c1Q 67. Rxf6+ Kg7 0-1

[Event "Titled Tuesday intern op 10th Jan Early"]
[Site "Chess.com INT"]
[Date "2023.01.10"]
[Round "8"]
[White "Valle, Luis E"]
[Black "Player, Edmund C"]
[Result "1-0"]
[WhiteElo "2268"]
[BlackElo "2180"]
[PlyCount "73"]
[EventDate "2023.01.10"]
[EventType "swiss (blitz)"]
[EventRounds "11"]
[EventCountry "USA"]
[SourceTitle "EXT 2024"]
[Source "ChessBase"]
[SourceDate "2023.10.10"]
[SourceVersion "1"]
[SourceVersionDate "2023.10.10"]
[SourceQuality "1"]

1. e4 e6 2. d4 d5 3. exd5 exd5 4. Nf3 Bd6 5. Bd3 Nc6 6. 0-0 Nge7 7. c4 dxc4 8. Bxc4 0-0 9. Nc3 Bg4 10. Be3 Ng6 11. h3 Bf5 12. Rc1 Qd7 13. Nb5 Rad8 14. Nxd6 Qxd6 15. Qe2 Nb4 16. a3 Nc6 17. Rfd1 Nf4 18. Qd2 Nd5 19. Bg5 f6 20. Bh4 Nce7 21. Bg3 Qd7 22. Ba2 c6 23. Re1 Ng6 24. Qa5 a6 25. h4 Bg4 26. Nh2 Be6 27. h5 Nge7 28. Nf3 Bg4 29. h6 gxh6 30. Nd2 Kg7 31. Ne4 f5 32. Be5+ Kg6 33. Nc5 Qc8 34. Qd2 f4 35. f3 Bf5 36. Ne4 Ne3 37. Bxf4 1-0

[Event "Titled Tuesday intern op 03rd Jan Early"]
[Site "Chess.com INT"]
[Date "2023.01.03"]
[Round "7"]
[White "Valle, Luis E"]
[Black "Cnejev, Vladimir Alexandru"]
[Result "1-0"]
[WhiteElo "2268"]
[BlackElo "2268"]
[PlyCount "83"]
[EventDate "2023.01.03"]
[EventType "swiss (blitz)"]
[EventRounds "11"]
[EventCountry "USA"]
[SourceTitle "EXT 2024"]
[Source "ChessBase"]
[SourceDate "2023.10.10"]
[SourceVersion "1"]
[SourceVersionDate "2023.10.10"]
[SourceQuality "1"]

1. e4 e5 2. Nf3 Nc6 3. Bb5 a6 4. Ba4 b5 5. Bb3 Bb7 6. c3 Be7 7. 0-0 Nf6 8. Re1 0-0 9. d4 d6 10. a4 h6 11. Nbd2 Re8 12. Nf1 Bf8 13. Ng3 exd4 14. cxd4 Nb4 15. e5 dxe5 16. Nxe5 Nbd5 17. Be3 c5 18. axb5 axb5 19. Bc2 Rxa1 20. Qxa1 cxd4 21. Bxd4 Nb4 22. Bb3 Qxd4 23. Bxf7+ Kh7 24. Bxe8 Nxe8 25. Qb1+ Kg8 26. Qg6 Nd6 27. Nf5 Be4 28. Nxh6+ Kh8 29. Nef7+ Nxf7 30. Nxf7+ Kg8 31. Qe6 Bd5 32. Nh6+ Kh8 33. Qf5 Qf6 34. Re8 Qxf5 35. Nxf5 Kg8 36. Nd6 Bc6 37. Rb8 Na6 38. Rb6 Bxd6 39. Rxa6 Be5 40. Rxc6 Bxb2 41. Rb6 Bf6 42. Rxb5 1-0

[Event "Titled Tuesday intern op 03rd Jan Early"]
[Site "Chess.com INT"]
[Date "2023.01.03"]
[Round "4"]
[White "Valle, Luis E"]
[Black "Santos Ruiz, Miguel"]
[Result "1-0"]
[WhiteElo "2268"]
[BlackElo "2587"]
[PlyCount "71"]
[EventDate "2023.01.03"]
[EventType "swiss (blitz)"]
[EventRounds "11"]
[EventCountry "USA"]
[SourceTitle "EXT 2024"]
[Source "ChessBase"]
[SourceDate "2023.10.10"]
[SourceVersion "1"]
[SourceVersionDate "2023.10.10"]
[SourceQuality "1"]

1. e4 e6 2. d4 d5 3. exd5 exd5 4. Nf3 c6 5. Bd3 Bd6 6. 0-0 Ne7 7. Bg5 f6 8. Bh4 Nf5 9. Bg3 Nxg3 10. hxg3 0-0 11. c3 Nd7 12. Nbd2 f5 13. Qc2 g6 14. c4 Nf6 15. Ne5 Kg7 16. Rfe1 Ne4 17. Ndf3 Be6 18. Qb3 Qb6 19. c5 Qxb3 20. axb3 Bc7 21. b4 a6 22. Rad1 Rae8 23. Bb1 Bc8 24. Nd3 g5 25. Nfe5 h5 26. Kh2 h4 27. gxh4 Rh8 28. f3 Rxh4+ 29. Kg1 Ng3 30. Kf2 Rxd4 31. Nxc6 Rxe1 32. Rxe1 Ne4+ 33. fxe4 bxc6 34. exd5 Kf6 35. d6 Bd8 36. Re8 1-0